Vocabulaire météo EN -> FR - Statistiques

Statistiques générales
  • Ce quiz a été pris 3 fois
  • Le résultat moyen est 6 sur 30
Statistiques - réponses
Hint Réponse % Correct
Lightning Eclair, foudre
100%
Freezing Gelé, glacial
67%
Cloud Nuage
67%
Hurricane Ouragan
67%
Thunder Tonnerre, tonner
67%
Breeze Brise, léger vent
33%
Fog Brouillard
33%
Mist Brume
33%
Clear Dégagé
33%
Gale Grand vent, tempête
33%
Tidal wave Raz-de-marée
33%
Drought Sécheresse
33%
Showers Averses
0%
Drizzle Bruine, bruiner
0%
Scorching Brûlant, caniculaire
0%
Weather forecast Bulletin météo
0%
Overcast Couvert
0%
Chilly Frisquet
0%
Frostbite Gelure, engelure
0%
Frost Givre
0%
Bitter Glacial
0%
Hail Grêle, grêler
0%
Hailstone Grêlon
0%
Flood Inondation, inonder
0%
Sleet Neige fondue, grésillier
0%
Smog Nuage de pollution
0%
Dew Rosée (matinale)
0%
Windchill factor Température ressentie
0%
Blizzard Tempête de neige
0%
Heat-wave Vague de chaleur
0%
Aucun quiz correspondant
Distribution des résultats
% des personnes avec chaque résultat
Percentile par nombre de réponses
Votre historique - résultats
Vous n’avez pas pris ce quiz